000 00450nam a22001697a 4500
005 20230504154740.0
008 230504b ||||| |||| 00| 0 eng d
040 _cAL
041 _aEnglish
082 _223
_a536/47
_bRAOT
100 _aB V Narayan Rao
_997891
245 _aTextbook of Modern Physics
260 _aBangalore
_bAmbika Publishing House
_c1969
650 _aPhysics
_997892
700 _aRAO (B V Narayan)
_997893
942 _2ddc
_cBB
999 _c227299
_d227299